<?xml version="1.0" encoding="UTF-8"?>
<record
    xmlns:xsi="http://www.w3.org/2001/XMLSchema-instance"
    xsi:schemaLocation="http://www.loc.gov/MARC21/slim http://www.loc.gov/standards/marcxml/schema/MARC21slim.xsd"
    xmlns="http://www.loc.gov/MARC21/slim">

  <leader>01995nam a2200289Ia 4500</leader>
  <controlfield tag="001">G9222</controlfield>
  <controlfield tag="003">IT-RoPAU</controlfield>
  <controlfield tag="008">130308s9999    xx            000 0 und d</controlfield>
  <datafield tag="040" ind1=" " ind2=" ">
    <subfield code="a">IT-RoPAU</subfield>
  </datafield>
  <datafield tag="040" ind1=" " ind2=" ">
    <subfield code="c">IT-RoPAU</subfield>
  </datafield>
  <datafield tag="041" ind1=" " ind2=" ">
    <subfield code="a">FRANCESE</subfield>
  </datafield>
  <datafield tag="100" ind1=" " ind2=" ">
    <subfield code="a">Bertrand Dominique</subfield>
  </datafield>
  <datafield tag="100" ind1=" " ind2=" ">
    <subfield code="g">Codice Aut. SPICS: 37531</subfield>
  </datafield>
  <datafield tag="245" ind1=" " ind2=" ">
    <subfield code="a">Lire le theatre classique</subfield>
  </datafield>
  <datafield tag="245" ind1=" " ind2=" ">
    <subfield code="b">Lire le Theatre Classique</subfield>
  </datafield>
  <datafield tag="250" ind1=" " ind2=" ">
    <subfield code="a">1a ed.</subfield>
  </datafield>
  <datafield tag="260" ind1=" " ind2=" ">
    <subfield code="a">PARIS</subfield>
  </datafield>
  <datafield tag="260" ind1=" " ind2=" ">
    <subfield code="b">Dunod</subfield>
  </datafield>
  <datafield tag="260" ind1=" " ind2=" ">
    <subfield code="c">1999 [1&#xB0; Ed.:1999 - Ed.Ling.Originale:1999]</subfield>
  </datafield>
  <datafield tag="300" ind1=" " ind2=" ">
    <subfield code="a">"260 p. (prefazione: 10; testo: 250 [pagine: 0-0])"</subfield>
  </datafield>
  <datafield tag="500" ind1=" " ind2=" ">
    <subfield code="a">"Leggere Il Teatro Classico. Teatro classico in Francia: Miti e Paradossi: Era Classica e Teatro Classico: un nodo Complesso; Dotti e Autori: Scisssione e Convergenze. Fondamenti Estetici della drammaturgia Classica: Modello dell'Antichit&#xE0; e culto di Aristotele; Imitazione e Naturale; Verosimiglianza al Centro dei Dibattiti; Unit&#xE0; di Azione Tempo e Luogo; Finalit&#xE0; Morale del Teatro; Primato di un'estetica della Ricezione. Storia del Teatro classico 1630 1680: Condizioni Storiche di un rinnovamento del Teatro; Avventodi un Teatro Moderno con la Generazione del 1630; Anni 1630 1660: Periodo di Transizione e di Sperimenti; 1660 1680: Tempo di un Fragile Equilibrio; Declino della drammaturgia Classica. Grandi Principi Drammaturgici e creazioni Singolari: Generi del Teatro Classico; Grandi Quadri della Scrittura Drammatica; Corneille (1606 1684): una drammaturgia Dello Stupore; Moliere (1622 1673): Senso del Comico; Racine (1639 1699): un Disegno Tragico. Antologia di Testi Critici: Illusione Drammatica; controversie teologiche e Morali; giudizio Estetico o pregiudizi Sociali; Generi del Teatro Classico; Alcune Letture Moderne della drammaturgia Classica. Glossario. notizie biografiche degli Autori Teatrali. tavola Cronologica. Bibliografia Selettiva."</subfield>
  </datafield>
  <datafield tag="650" ind1=" " ind2=" ">
    <subfield code="a">GENERI TEATRALI</subfield>
  </datafield>
  <datafield tag="650" ind1=" " ind2=" ">
    <subfield code="e">Codice materia Spics: 8410</subfield>
  </datafield>
  <datafield tag="942" ind1=" " ind2=" ">
    <subfield code="c">BK</subfield>
  </datafield>
  <datafield tag="957" ind1=" " ind2=" ">
    <subfield code="7">1</subfield>
  </datafield>
  <datafield tag="999" ind1=" " ind2=" ">
    <subfield code="c">95220</subfield>
    <subfield code="d">95220</subfield>
  </datafield>
  <datafield tag="999" ind1=" " ind2=" ">
    <subfield code="g">1</subfield>
  </datafield>
  <datafield tag="952" ind1=" " ind2=" ">
    <subfield code="0">0</subfield>
    <subfield code="1">0</subfield>
    <subfield code="4">0</subfield>
    <subfield code="6">G_000000000000000_9222</subfield>
    <subfield code="7">1</subfield>
    <subfield code="a">SPICS</subfield>
    <subfield code="b">SPICS</subfield>
    <subfield code="d">2013-03-08</subfield>
    <subfield code="l">0</subfield>
    <subfield code="o">G9222</subfield>
    <subfield code="r">2013-03-08 00:00:00</subfield>
    <subfield code="w">2013-03-08</subfield>
    <subfield code="y">BK</subfield>
    <subfield code="z">Progressivo inserimento:  55877 /  N. Volumi: 1 Copie: 1  / data import: 1 marzo 2013 - By Epidotti, Trombetti, Vaglietti. </subfield>
  </datafield>
</record>
